| 000 | 00587nam a2200193Ia 4500 | ||
|---|---|---|---|
| 003 | OSt | ||
| 005 | 20260429155330.0 | ||
| 020 | _a978-1-60831-110-1 | ||
| 040 | _cLC | ||
| 050 | _aRT 48.6 .C 37 2013 | ||
| 100 | _aCARPENITO, LYNDA JUALL | ||
| 245 | 0 | _aHANDBOOK OF NURSING DIAGNOSIS | |
| 250 | _a14 | ||
| 260 |
_aPHILADELPHIA, _bWOLTERS KLUWER/LIPPINCOTT WILLIAMS & WILKINS, _c2013, |
||
| 300 | _aXXii, 874 P, ILL | ||
| 500 | _aINCLUDES BIBLIOGRAPHICAL REFERENCES AND INDEX | ||
| 650 | _a1. Diagnosis-Handbooks, manuals, etc 2. Nursing-Handbooks, manuals, etc | ||
| 942 |
_cBK _2lcc |
||
| 999 |
_c201051 _d201051 |
||